000 00705nam a22002057a 4500
005 20111007144235.0
010 _aG-001689
020 _a9788181982728
_c495.00
035 _aG-001689
037 _bGift
082 _a485
100 _aVarde, C.S.
_936229
245 _aCommunication skill for technical students /
_cby C.S. Varde
260 _aJaipur
_bUniversity Book House
_c2010
270 _a79, Chaura Rasta
_bJaipur
_e03
300 _a194p.:
_c22cm (Hb)
942 _2ddc
_cEN
_mVAR
_h485
999 _c57397
_d57397